00519 a2200109 4500082001100000100002400011245011200035260008100147300003800228500008700266856005600353 aMSIT-8 aMuhammad Ejaz Ahmed aChannel assignment in multi-interface multi-channel wireless networks [Project MSIT-8]cMuhammad Ejaz Ahmed aIslamabadbNUST-School of Electrical Engineering and Computer Sciencec2011. avii, 62p.b:ill.c;27cm.+eCD-ROM aSupervisors: Dr. Adeel Baig, Dr. Junaid Qadir, Dr. Anjum Naveed, Ms. Ayesha Saleem uhttp://10.250.8.41:8080/xmlui/handle/123456789/9988